Statistics for Football team to country

Click here to take the quiz!

General Stats

  • This quiz has been taken 734 times
  • The average score is 12 of 15

Answer Stats

Club nameCountry% Correct
Olympique de MarseilleFrance
100%
Hertha BSCGermany
94%
Club AméricaMexico
92%
Sporting CPPortugal
90%
Columbus CrewUnited States
86%
Rubin KazanRussia
84%
Vissel KobeJapan
81%
Al-Ahli SCSaudi-Arabia
81%
BSC Young BoysSwitzerland
81%
CracoviaPoland
75%
Helsingin JalkapalloklubiFinland
74%
Kaizer ChiefsSouth Africa
74%
Atlético NacionalColombia
67%
Qarabag FKAzerbaijan
55%
Otelul GalatiRomania
48%

Score Distribution

Percentile by Number Answered

Percent of People with Each Score

Your Score History

You have not taken this quiz